Statistics for twenty one pilots - TRENCH

Click here to take the quiz!

General Stats

  • This quiz has been taken 393 times
  • The average score is 13 of 14

Answer Stats

HintAnswer% Correct
I'll be right thereJumpsuit
98%
Hide you in my coat pocket, where I kept my rebel redChlorine
96%
If they're here to smoke, know I'll go with youMy Blood
96%
To life, they were dedicated - now, that should be celebratedNeon Gravestones
96%
It's glowing, embers barely showingLeave the City
94%
My middle name, my goodbyeLegend
94%
What a beautiful day for making a break for itNico and the Niners
94%
And you know you're a terrible sight, but you'll be just fineThe Hype
94%
My heart is with you hiding, but my mind's not madeLevitate
93%
Not done, Josh DunMorph
93%
For you, I know they think it’s messed up to sell out for your girlSmithereens
93%
I created this world to feel some control, destroy it if I wantBandito
92%
This clique means so much to this dudePet Cheetah
92%
I don't mind at all, lean on my prideCut my lip
91%

Score Distribution

Percentile by Number Answered

Percent of People with Each Score

Your Score History

You have not taken this quiz